000 00439nab a2200145Ia 4500
003 ES-SlBCS
005 20210601124321.0
008 140529s1990 xxu||||| |||| 00| 0 eng d
041 _aeng
100 1 _aStrike, Kenneth A.
_9139094
245 0 0 _aParents, the State and the Right to Educate
_c Kenneth A. Strike
650 0 4 _aEducación
_986687
773 0 _tEducational Theory
_gvol. 40, nº. 2, 1990, págs. 237-248
_wRev1399
942 _cAR
999 _c512830
_d512830